System Identification; an introduction (Record no. 325710)
[ view plain ]
| 000 -LEADER | |
|---|---|
| fixed length control field | 00372 a2200133 4500 |
| 001 - CONTROL NUMBER | |
| control field | 90637 |
| 003 - CONTROL NUMBER IDENTIFIER | |
| control field | NUST |
| 082 ## - DEWEY DECIMAL CLASSIFICATION NUMBER | |
| Classification number | 003.1 KEE |
| 100 ## - MAIN ENTRY--PERSONAL NAME | |
| Personal name | Keesman, Karel J |
| 9 (RLIN) | 9889 |
| 245 ## - TITLE STATEMENT | |
| Title | System Identification; an introduction |
| 260 ## - PUBLICATION, DISTRIBUTION, ETC. | |
| Place of publication, distribution, etc. | U K |
| Name of publisher, distributor, etc. | Springer |
| Date of publication, distribution, etc. | 2011 |
| 300 ## - PHYSICAL DESCRIPTION | |
| Extent | xxvi, 323 p. |
| 740 ## - ADDED ENTRY--UNCONTROLLED RELATED/ANALYTICAL TITLE | |
| Uncontrolled related/analytical title | data bsed identification; time invariant based identification |
| 942 ## - ADDED ENTRY ELEMENTS (KOHA) | |
| Institution code [OBSOLETE] | NUST-CAE |
| Koha item type | Book |
| Call number prefix | 003.1 KEE |
| Source of classification or shelving scheme | |
| Withdrawn status | Lost status | Damaged status | Not for loan | Collection code | Permanent Location | Current Location | Date acquired | Total Checkouts | Full call number | Barcode | Date last seen | Price effective from | Koha item type |
|---|---|---|---|---|---|---|---|---|---|---|---|---|---|
| College of Aeronautical Engineering (CAE) | College of Aeronautical Engineering (CAE) | 04/03/2017 | 003.1 KEE | CAE87129 | 04/05/2017 | 04/05/2017 | Book |
